उपकार केंद्रीय माध्यमिक शिक्षा बोर्ड दिल्ली केंद्रीय शिक्षक पात्रता परीक्षा;गणित एवं विज्ञान/ (Record no. 199413)
[ view plain ]
| 000 -LEADER | |
|---|---|
| fixed length control field | 00993nam a22001817a 4500 |
| 005 - DATE AND TIME OF LATEST TRANSACTION | |
| control field | 20231204111759.0 |
| 010 ## - LCCN (DPL NO) | |
| LC control number | HIN-126438 |
| 020 ## - INTERNATIONAL STANDARD BOOK NUMBER | |
| Terms of availability | 480.00 |
| International Standard Book Number | 9789350132081 |
| 035 ## - SYSTEM CONTROL NUMBER | |
| System control number | HN-98784 |
| 037 ## - SOURCE OF ACQUISITION | |
| Source of stock number/acquisition | DBAD/PUB. |
| 082 ## - DEWEY DECIMAL CLASSIFICATION NUMBER | |
| Classification number | 500 |
| 100 ## - MAIN ENTRY--PERSONAL NAME | |
| Personal name | ग्यानानी |
| 245 ## - TITLE STATEMENT | |
| Title | उपकार केंद्रीय माध्यमिक शिक्षा बोर्ड दिल्ली केंद्रीय शिक्षक पात्रता परीक्षा;गणित एवं विज्ञान/ |
| Statement of responsibility, etc | ग्यानानी,दुबे,सिंह एवं गुप्ता |
| 260 ## - PUBLICATION, DISTRIBUTION, ETC. (IMPRINT) | |
| Name of publisher, distributor, etc | उपकार प्रकाशन |
| Place of publication, distribution, etc | आगरा |
| 270 ## - ADDRESS | |
| Address | 2/11 ए स्वदेशी बीमा नगर (शाह सिनेमा के सामने) |
| City | आगरा |
| Postal code | 282002 |
| 300 ## - PHYSICAL DESCRIPTION | |
| Extent | 450 पृ.; |
| Dimensions | 27 सेमी (अजिल्द) |
| 942 ## - ADDED ENTRY ELEMENTS (KOHA) | |
| Institution code [OBSOLETE] | dpl |
| Item type | Hindi Books |
| Source of classification or shelving scheme | Dewey Decimal Classification |
| Classification part | 500 |
| Call number suffix | ग्यानानी |
| Withdrawn status | Lost status | Not for loan | Collection code | Home library | Current library | Date acquired | Source of acquisition | Cost, normal purchase price | Full call number | Barcode | Copy number | Cost, replacement price | Koha item type |
|---|---|---|---|---|---|---|---|---|---|---|---|---|---|
| Non-fiction | Vinoba Puri | Vinoba Puri | 04/12/2023 | DBAD/PUB | 480.00 | 500 ग्यानानी | HN-98784 | 1 | 480.00 | Hindi Books |
